Solid state phase transformation \ (Record no. 3512)
[ view plain ]
| 000 -LEADER | |
|---|---|
| fixed length control field | 00756nac a22001811u 4500 |
| 020 ## - INTERNATIONAL STANDARD BOOK NUMBER | |
| International Standard Book Number | 8177641883 |
| 082 ## - DEWEY DECIMAL CLASSIFICATION NUMBER | |
| Classification number | 620.522 |
| Item number | G9592 |
| 090 ## - LOCALLY ASSIGNED LC-TYPE CALL NUMBER (OCLC); LOCAL CALL NUMBER (OCLC) | |
| -- | 3512 |
| -- | 3512 |
| 100 ## - MAIN ENTRY--PERSONAL NAME | |
| Personal name | Guota, Shant P. |
| 245 ## - TITLE STATEMENT | |
| Title | Solid state phase transformation \ |
| Statement of responsibility, etc | Shant P. Guota |
| 260 ## - PUBLICATION, DISTRIBUTION, ETC. (IMPRINT) | |
| Place of publication, distribution, etc | New Delhi : |
| Name of publisher, distributor, etc | Allied Publishers Private Limited ,2002 |
| Date of publication, distribution, etc | 2002 |
| 600 ## - SUBJECT ADDED ENTRY--PERSONAL NAME | |
| Personal name | Guota, Shant P. |
| 650 ## - SUBJECT ADDED ENTRY--TOPICAL TERM | |
| Topical term or geographic name as entry element | Phase transformations |
| 650 ## - SUBJECT ADDED ENTRY--TOPICAL TERM | |
| Topical term or geographic name as entry element | Solid state transformation |
| 942 ## - ADDED ENTRY ELEMENTS (KOHA) | |
| Item type | Book - Borrowing |
| Call number prefix | 620.522G9592 |
| Withdrawn status | Item status | Source of classification or shelving scheme | Damaged status | Not for loan | Home library | Current library | Shelving location | Date acquired | Source of acquisition | Total Checkouts | Full call number | Barcode | Date last seen | Date last borrowed | Koha item type |
|---|---|---|---|---|---|---|---|---|---|---|---|---|---|---|---|
| Dewey Decimal Classification | Central Library | Central Library | First floor | 22/04/2007 | Purchase | 1 | 620.522 GUO | 000030362 | 15/07/2025 | 11/08/2008 | Book - Borrowing |